000 00887namaa22002171 4500
001 174205
003 ES-MaACL
005 20250815105911.0
008 100303s1935 sp |||| | lat d
080 _a581.9(861)
100 1 _aRothmaler, W.
_9142308
245 1 0 _aAlchemillae columbianae /
_cpor W. Rothmaler.
260 _aMadrid :
_bJunta para la Ampliación de Estudios e Investigaciones Científicas,
_c1935.
300 _a52 p., III lám. :
_bil. ;
_c24 cm.
490 1 _aTrabajos del Museo Nacional de Ciencias Naturales y Jardín Botánico. Serie botánica ;
_v31
650 4 _aFlora-
_zColombia.
_912900
710 2 _aJunta para la Ampliación de Estudios e Investigaciones Científicas.
_95413
830 1 0 _aTrabajos del Museo Nacional de Ciencias Naturales y Jardín Botánico.
_pSerie botánica
_v31
_9189337
852 4 _aES-MaACL
_jB-13145
999 _c174205
_d174205